00502 2200181 4500001002100000005001500021008004100036020001800077035001900095041000700114082001000121090001600131100002400147245004200171260004700213300001900260650004100279INLIS00000000001588020241224115022241224||||||||| | ||| |||| || |  a979-006-129-3 0010-1224015880 aid0 a635.9 a635.9 KUR m0 aKurniawan junaedhie00aMENJADI MILYARDER DARI ANTHURIUM DAUN aJakarta Selatan.bAgro Media Pustakac2007 avi+hlm;70;24cm 0aPertanian & Teknologi Yang Berkaitan